Preservation, conservation, restoration and digitisation of library materials / (Record no. 132834)
[ view plain ]
| 000 -LEADER | |
|---|---|
| fixed length control field | 00843nam a22002537a 4500 |
| 003 - CONTROL NUMBER IDENTIFIER | |
| control field | dpl |
| 005 - DATE AND TIME OF LATEST TRANSACTION | |
| control field | 20180821150943.0 |
| 008 - FIXED-LENGTH DATA ELEMENTS--GENERAL INFORMATION | |
| fixed length control field | 180807b xxu||||| |||| 00| 0 eng d |
| 010 ## - LIBRARY OF CONGRESS CONTROL NUMBER | |
| LC control number | B-163645 |
| 020 ## - INTERNATIONAL STANDARD BOOK NUMBER | |
| Terms of availability | 600.00 |
| International Standard Book Number | 8185359180 |
| 035 ## - SYSTEM CONTROL NUMBER | |
| System control number | B-163645, B-163646, B-163652 |
| 037 ## - SOURCE OF ACQUISITION | |
| Source of stock number/acquisition | Cen Lib/Ret |
| 040 ## - CATALOGING SOURCE | |
| Original cataloging agency | DPL |
| Language of cataloging | EN |
| Transcribing agency | 0 |
| 082 ## - DEWEY DECIMAL CLASSIFICATION NUMBER | |
| Classification number | 025.84 |
| Item number | CHO |
| 100 ## - MAIN ENTRY--PERSONAL NAME | |
| Personal name | Chopra, H.S. |
| 9 (RLIN) | 2697 |
| 245 ## - TITLE STATEMENT | |
| Title | Preservation, conservation, restoration and digitisation of library materials / |
| Statement of responsibility, etc | by H.S. Chopra |
| 260 ## - PUBLICATION, DISTRIBUTION, ETC. (IMPRINT) | |
| Place of publication, distribution, etc | New Delhi |
| Name of publisher, distributor, etc | Independent publishing company |
| Date of publication, distribution, etc | 2004 |
| 270 ## - ADDRESS | |
| City | New Delhi |
| Address | 4774, Deputy ganj, Sadar bazar |
| Postal code | 110006 |
| 300 ## - PHYSICAL DESCRIPTION | |
| Extent | 252p. |
| Dimensions | 19cm(Hb) |
| 500 ## - GENERAL NOTE | |
| General note | Includes bibliographical references |
| 650 ## - SUBJECT ADDED ENTRY--TOPICAL TERM | |
| Topical term or geographic name as entry element | Library science |
| 9 (RLIN) | 35885 |
| 650 ## - SUBJECT ADDED ENTRY--TOPICAL TERM | |
| Topical term or geographic name as entry element | Digitisation |
| 9 (RLIN) | 35886 |
| 942 ## - ADDED ENTRY ELEMENTS (KOHA) | |
| Source of classification or shelving scheme | Dewey Decimal Classification |
| Koha item type | English Books |
| Classification part | 025.84 |
| Call number suffix | CHO |
| Withdrawn status | Lost status | Damaged status | Not for loan | Home library | Current library | Date acquired | Source of acquisition | Cost, normal purchase price | Total Checkouts | Full call number | Barcode | Date last seen | Date checked out | Copy number | Cost, replacement price | Price effective from | Koha item type | Source of classification or shelving scheme | Collection code |
|---|---|---|---|---|---|---|---|---|---|---|---|---|---|---|---|---|---|---|---|
| Central Library | Central Library | 23/07/2015 | Cen Lib/Ret | 600.00 | 2 | 025.84 CHO | B-163645 | 28/10/2021 | 21/09/2021 | 1 | 600.00 | 23/07/2015 | English Books | ||||||
| Patel Nagar | Patel Nagar | 07/08/2018 | BPPD/PUB | 600.00 | 025.84 CHO | B-163646 | 07/08/2018 | 600.00 | 07/08/2018 | English Books | Dewey Decimal Classification | Non-fiction | |||||||
| Shahdara Branch | Shahdara Branch | 21/08/2018 | BPPD/PUB | 600.00 | 025.84 CHO | B-163652 | 21/08/2018 | 600.00 | 21/08/2018 | English Books | Dewey Decimal Classification | Non-fiction |
